| 000 | 00884cab a2200217 4500 | ||
|---|---|---|---|
| 001 | ABS68688 | ||
| 008 | 050126n2005 000 0 eng u | ||
| 035 | _a(Sirsi) u128623 | ||
| 100 | _aSharma, H. | ||
| 245 | _aCrafty renovations | ||
| 260 | _c2005 | ||
| 490 |
_aTaxation _v154(3989) 6 January 2005, 320-321(2) |
||
| 520 | _aReviews the business premises renovation allowance, a government scheme aimed at rejuvenating business premises in designated disadvantaged areas. The allowance will provide 100% first year allowances for the capital costs incurred by businesses converting or renovating premises. No firm date has been given for the introduction of this scheme. | ||
| 590 | _aABS | ||
| 650 | _aBUSINESS PREMISES RENOVATION ALLOWANCE | ||
| 650 | _aRENOVATION | ||
| 650 | _aCOMMERICAL PROPERTY | ||
| 650 | _aBUSINESS PREMISES | ||
| 690 | _aTAXATION | ||
| 942 | _n0 | ||
| 999 |
_c74764 _d74764 |
||